FC Nantes - le grand quiz - Statistiques

Statistiques générales
  • Ce quiz a été pris 458 fois
  • Le résultat moyen est 22 sur 30
Statistiques - réponses
Question Réponse % Correct
Combien de Coupe de France a remporté le club ? 4
94%
A partir de 2009, combien de saisons le club va passer en Ligue 2 ? 4
94%
Dans quel stade évolue actuellement le FC Nantes ? Stade de la Beaujoire
93%
Combien de championnats a remporté le club ? 8
92%
Qui est actuellement le président du club ? Waldemar Kita
92%
Quel buteur du club disparaît en mer lors d’un vol en direction de Cardiff, où il venait d’être transféré ? Emiliano Sala
89%
Quel surnom porte les joueurs du club ? Les canaris
89%
Quel géant italien rencontrent-ils en 16 eme de finale de Ligue Europa 2022-23 ? Juventus
88%
Quel grand joueur et futur sélectionneur de l'équipe de France est formé et débute au club dans les années 80 ? Didier Deschamps
86%
Sur quel score le club s’incline en finale de la Coupe de France face à Toulouse en 2023 ? 5:1
85%
Quel entraineur du club, de retour en 2024, remporte la Coupe de France en 2022 avec les jaunes et verts ? Antoine Kombouaré
85%
Quel stade de la Ligue des Champions 1995/96 le club atteint-t-il ? Demies-finales
85%
Quel ailier nigérian fait le bonheur du club depuis 2020 ? Moses Simon
85%
En quelle année a été fondé le FC Nantes ? 1943
84%
Contre qui s’impose les nantais en finale de cette Coupe de France ? OGC Nice
82%
Quel mythique gardien du club y évolue de 1996 à 2006 avant de rejoindre le PSG ? Mickaël Landreau
80%
Quel ancien sélectionneur des bleus prend les rênes du club en 2021, pour un total de 4 nuls et 4 défaites avant d’être limogé ? Raymond Domenech
80%
Dans quel stade évoluait-il auparavant ? Stade Marcel-Saupin
75%
Quel milieu, prénommé Claude, fait partie de l'épopée nantaise à ce moment là ? Claude Makélélé
74%
Comment se nomme le centre d'entraînement du club, inauguré en 1978 ? La Jonelière
74%
Quelle autre nationalité que française possède-t-il ? Polonaise
73%
Qui est actuellement l’équipementier du club nantais ? Macron
72%
Quel entraîneur italien coache le club lors de la saison 2017/18 ? Claudio Ranieri
70%
Quel international français, lui aussi légende du club, joue à Nantes de 1966 à 1982 ? Henri Michel
64%
En quelle année le club remporte son premier championnat de Ligue 1 ? 1965
56%
Quel ancien vendeur de la boutique du PSG joue au club de 2014 à 2018 ? Yacine Bammou
49%
Quel célèbre défenseur international français joue pour le FC Nantes de 1973 à 1985 avant de revenir lors de la saison 1990/91 pour une dernière saison ? Maxime Bossis
44%
Quel coach entraîne le club de 1960 à 1970, devenant une légende du club ? José Arribas
39%
Qui est actuellement le meilleur buteur de l’histoire du club ? Philippe Gondet
35%
Qui est actuellement le joueur le plus capé de l’histoire du club ? Jean-Paul Bertrand-Demanes
28%
Aucun quiz correspondant
Distribution des résultats
% des personnes avec chaque résultat
Percentile par nombre de réponses
Votre historique - résultats
Vous n’avez pas pris ce quiz